Fundamentos de administración financiera / (Record no. 95422)

MARC details
000 -CABECERA
campo de control de longitud fija 00812nam a2200241 a 4500
005 - FECHA Y HORA DE LA ÚLTIMA TRANSACCIÓN
campo de control 20231026063545.0
008 - ELEMENTOS DE LONGITUD FIJA--INFORMACIÓN GENERAL
campo de control de longitud fija 030326s2001 mx r 000 0 spa d
020 ## - NÚMERO INTERNACIONAL NORMALIZADO PARA LIBROS
Número Internacional Estándar del Libro 9701030842
035 ## - NÚMERO DE CONTROL DEL SISTEMA
Número de control de sistema UPN01000123241
049 ## - COLECCIÓN
Colección CG
050 #4 - SIGNATURA TOPOGRÁFICA DE LA BIBLIOTECA DEL CONGRESO
Número de clasificación HG4026
Número de documento/Ítem B4.38 2001
100 1# - ASIENTO PRINCIPAL--NOMBRE PERSONAL
Nombre de persona Besley, Scott
9 (RLIN) 35039
245 10 - MENCIÓN DE TÍTULO
Título Fundamentos de administración financiera /
Mención de responsabilidad, etc. Scott Besley, Eugene F. Brigham; tr. Jaime Gómez Mont.
250 ## - MENCIÓN DE EDICIÓN
Mención de edición 12a ed.
260 ## - PUBLICACIÓN, DISTRIBUCIÓN, ETC.
Lugar de publicación, distribución, etc. México :
Nombre del editor, distribuidor, etc. MCGraw-Hill,
Fecha de publicación, distribución, etc. c2001.
300 ## - DESCRIPCIÓN FÍSICA
Extensión xxvi,919 p. :
Otras características físicas gráfs.
534 ## - NOTA SOBRE LA VERSIÓN ORIGINAL
Frase introductoria Traducción de:
Mención de título del original Essentials of managerial finance
590 ## - NOTA LOCAL (RLIN)
Nota local Bibliografía Básica (BGTQ)
590 ## - NOTA LOCAL (RLIN)
Nota local (También localizas un ejemplar en el "Area de Reserva")
650 #4 - ASIENTO SECUNDARIO DE MATERIA - TERMINO TEMATICO
Término de materia o nombre geográfico como elemento de entrada Administración financiera
9 (RLIN) 499
700 1# - ASIENTO SECUNDARIO--NOMBRE DE PERSONAL
Nombre de persona Brigham,Eugene F.,
Término indicativo de función/relación coaut.
905 ## - TIPO DE MATERIAL
Tipo de material Libro
Holdings
Estado de retiro Estado de pérdida Fuente del sistema de clasificación o colocación Estado dañado Restricciones de uso No para préstamo Código de colección Localización permanente Ubicación/localización actual Ubicación en estantería Fecha de adquisición Total de préstamos Clasificación Código de barras Fecha visto por última vez Número de copia Tipo de ítem Koha En préstamo
    Library of Congress Classification   Préstamo por horas   Bibliografía básica Bib. Gregorio Torres Quintero Bib. Gregorio Torres Quintero Colecciones especiales Planta alta 30/01/2023 15 HG4026 B4.38 2001 204882 31/12/2020 1 Libro por horas  
    Library of Congress Classification       Colección General Bib. Gregorio Torres Quintero Bib. Gregorio Torres Quintero Planta baja   9 HG4026 B4.38 2001 204880 31/12/2020 1 Libro 07/11/2011
    Library of Congress Classification       Colección General Bib. Gregorio Torres Quintero Bib. Gregorio Torres Quintero Planta baja   5 HG4026 B4.38 2001 204881 31/12/2020 1 Libro  
    Library of Congress Classification       Colección General Bib. Gregorio Torres Quintero Bib. Gregorio Torres Quintero Planta baja   5 HG4026 B4.38 2001 225328 31/12/2020 1 Libro